[Event "Cerrado GM"]
[Site "Hotel Don Carlos de Huarte (N"]
[Date "2009.12.05"]
[Round "6"]
[White "Cruz, Cristhian"]
[Black "Llorente Zaro, Alfonso"]
[Result "1/2-1/2"]
[WhiteElo "2523"]
[BlackElo "2441"]
[PlyCount "181"]
[EventDate "2009.12.01"]

1. d4 d5 2. c4 dxc4 3. Nf3 Nf6 4. e3 e6 5. Bxc4 c5 6. O-O Nc6 7. Qe2 cxd4 8.
Rd1 Be7 9. exd4 O-O 10. Nc3 Nb4 11. Ne5 a6 12. Bb3 Bd7 13. Bg5 Bc6 14. a3 Nbd5
15. Nxc6 bxc6 16. Na4 Qb8 17. Bc4 a5 18. Rac1 Rd8 19. Ba2 Nd7 20. Bd2 Qb7 21.
Qc4 Rdc8 22. Rc2 Qa7 23. Bc1 Rab8 24. Nc3 N7b6 25. Qe2 Rd8 26. Ne4 Rbc8 27. Bb1
Nd7 28. Ng5 N7f6 29. Nf3 c5 30. Bg5 h6 31. Bxf6 Nxf6 32. h3 cxd4 33. Rxc8 Rxc8
34. Nxd4 Qb6 35. a4 Rd8 36. Nb5 Rxd1+ 37. Qxd1 Bb4 38. Qf3 Qd8 39. Bd3 Qc8 40.
b3 Nd7 41. Qe4 g6 42. Bc4 Nf6 43. Qd4 Ne8 44. g3 Ng7 45. Qf4 h5 46. Qc7 Qxc7
47. Nxc7 Kf8 48. Kg2 Ke7 49. Nb5 Ne8 50. g4 hxg4 51. hxg4 g5 52. Kf3 Nf6 53.
Be2 Nd7 54. Bd1 f6 55. Ke4 Be1 56. f3 Bf2 57. Kd3 Ne5+ 58. Ke2 Bc5 59. Nc3 f5
60. gxf5 exf5 61. f4 gxf4 62. Nd5+ Kd6 63. Nxf4 Nc6 64. Kd3 Ne5+ 65. Ke2 Ba3
66. Kf2 Bc1 67. Ne2 Bd2 68. Ng3 Ke6 69. Bc2 f4 70. Ne4 Be3+ 71. Ke2 Kd5 72. Ng5
Kc5 73. Nf3 Nc6 74. Be4 Nb4 75. Ne1 Kd4 76. Bg6 Kc3 77. Ng2 Bc1 78. Kf3 Nc6 79.
Bh5 Ne5+ 80. Ke4 Nd3 81. Be2 Nc5+ 82. Kf5 Nxb3 83. Bg4 Kb4 84. Nxf4 Kxa4 85.
Nd3 Kb5 86. Nxc1 Nxc1 87. Ke4 Kb4 88. Bd7 Nb3 89. Ke3 Kc3 90. Be8 Nc5 91. Bc6
1/2-1/2

[Event "Cerrado GM"]
[Site "Hotel Don Carlos de Huarte (N"]
[Date "2009.12.06"]
[Round "7"]
[White "Llorente Zaro, Alfonso"]
[Black "Mirzoev, Azer"]
[Result "1/2-1/2"]
[WhiteElo "2441"]
[BlackElo "2617"]
[PlyCount "55"]
[EventDate "2009.12.01"]

1. c4 e6 2. d4 d5 3. Nc3 Nf6 4. cxd5 exd5 5. Bg5 c6 6. e3 Be7 7. Qc2 Nbd7 8.
Bd3 Nh5 9. Bxe7 Qxe7 10. Nge2 Nb6 11. h3 g6 12. O-O-O Be6 13. g4 Ng7 14. Ng3
O-O-O 15. f4 Kb8 16. f5 Bc8 17. Qf2 Qc7 18. Rhf1 Ne8 19. Qf4 Qxf4 20. Rxf4 Nd6
21. b3 Rhe8 22. Kd2 Nd7 23. h4 a5 24. g5 Nf8 25. Rh1 Re7 26. Rf3 Rde8 27. Rhf1
Ka7 28. h5 1/2-1/2

[Event "Cerrado GM"]
[Site "Hotel Don Carlos de Huarte (N"]
[Date "2009.12.06"]
[Round "7"]
[White "Savchenko, Stanislav"]
[Black "Cruz, Cristhian"]
[Result "1-0"]
[WhiteElo "2536"]
[BlackElo "2523"]
[PlyCount "87"]
[EventDate "2009.12.01"]

1. Nf3 Nf6 2. c4 c5 3. Nc3 b6 4. g3 Bb7 5. Bg2 g6 6. O-O Bg7 7. d4 cxd4 8. Qxd4
d6 9. Rd1 Nbd7 10. b3 Rc8 11. Bb2 O-O 12. Rac1 Ne4 13. Qe3 Nxc3 14. Bxc3 Bxc3
15. Rxc3 Kg7 16. Qd4+ Nf6 17. Ng5 Qc7 18. Bxb7 Qxb7 19. Re3 Rfd8 20. Qb2 Kg8
21. a4 Rc5 22. Nf3 a6 23. Qd4 Rdc8 24. Nd2 b5 25. cxb5 Nd5 26. bxa6 Qxa6 27.
Ne4 Nxe3 28. Nxc5 Qxe2 29. fxe3 Rxc5 30. Qd2 Qf3 31. b4 Re5 32. Re1 Rd5 33. Qg2
Qxg2+ 34. Kxg2 Rd2+ 35. Kf3 Ra2 36. a5 Rb2 37. Ra1 Rxb4 38. a6 Rb8 39. a7 Ra8
40. Ke4 e6 41. Kd4 Kg7 42. Kc4 Kf6 43. Kb5 Kf5 44. Ra4 1-0

[Event "Cerrado GM"]
[Site "Hotel Don Carlos de Huarte (N"]
[Date "2009.12.06"]
[Round "7"]
[White "Hernandez Carmenates, Holden"]
[Black "Rojas Keim, Luis"]
[Result "1-0"]
[WhiteElo "2564"]
[BlackElo "2466"]
[PlyCount "67"]
[EventDate "2009.12.01"]

1. Nf3 Nf6 2. c4 c5 3. g3 b6 4. Bg2 Bb7 5. O-O e6 6. Nc3 Be7 7. e3 O-O 8. b3
Nc6 9. Bb2 Rc8 10. d4 cxd4 11. Nxd4 Qc7 12. Nde2 Rfd8 13. Rc1 Qb8 14. Nf4 Nb4
15. e4 d6 16. Re1 Qa8 17. Ncd5 exd5 18. exd5 Re8 19. Rxe7 Rxe7 20. Bxf6 gxf6
21. Nh5 Kh8 22. Qd2 Re5 23. Nxf6 Nxd5 24. cxd5 Ba6 25. Rd1 Rg8 26. f4 Re2 27.
Qd4 Rg6 28. Bf1 Rxa2 29. Bxa6 Rxa6 30. Re1 Rxf6 31. Qxf6+ Kg8 32. Qxd6 Qf8 33.
Qxf8+ Kxf8 34. d6 1-0

[Event "Cerrado GM"]
[Site "Hotel Don Carlos de Huarte (N"]
[Date "2009.12.06"]
[Round "7"]
[White "Huerga Leache, Mikel"]
[Black "Garbisu De Goni, Unai"]
[Result "1-0"]
[WhiteElo "2435"]
[BlackElo "2458"]
[PlyCount "91"]
[EventDate "2009.12.01"]

1. e4 e5 2. Nf3 Nc6 3. Bb5 a6 4. Ba4 Nf6 5. O-O Be7 6. Re1 b5 7. Bb3 d6 8. c3
O-O 9. h3 Na5 10. Bc2 c5 11. d4 Nd7 12. Kh1 Nc4 13. d5 Bb7 14. g4 Re8 15. b3
Ncb6 16. Nbd2 Nf8 17. Nf1 Ng6 18. Ng3 Nf4 19. Bxf4 exf4 20. Nh5 g6 21. Nxf4 Bf6
22. Re3 b4 23. Ne2 a5 24. Rc1 c4 25. Ned4 Rc8 26. Bb1 Qd7 27. cxb4 axb4 28. Kg2
Rc5 29. Qe1 cxb3 30. axb3 Rec8 31. Rxc5 dxc5 32. Ne2 Ra8 33. Qc1 Qc8 34. Nf4
Bc3 35. Ng5 Qd8 36. h4 h6 37. Nxf7 Kxf7 38. Rf3 Kg8 39. Ne6 Qxh4 40. Rh3 Qxg4+
41. Rg3 Qh4 42. Rh3 Qg4+ 43. Rg3 Qh4 44. Rxg6+ Kh7 45. Rxh6+ Qxh6 46. e5+ 1-0

[Event "Cerrado GM"]
[Site "Hotel Don Carlos de Huarte (N"]
[Date "2009.12.06"]
[Round "7"]
[White "Cuadras Avellana, Jorge"]
[Black "Cabrera Trujillo, Jorge"]
[Result "0-1"]
[WhiteElo "2340"]
[BlackElo "2380"]
[PlyCount "116"]
[EventDate "2009.12.01"]

1. e4 e5 2. Nf3 Nc6 3. Bb5 Qe7 4. O-O Nd8 5. d4 c6 6. Ba4 d6 7. h3 Nf6 8. Re1
Qc7 9. c4 Be7 10. Nc3 O-O 11. Be3 a6 12. Rc1 Qb8 13. Bc2 Re8 14. d5 c5 15. a4
b6 16. Nh2 Rf8 17. f4 exf4 18. Bxf4 Nd7 19. Nf3 Ne5 20. Nxe5 dxe5 21. Be3 Nb7
22. b3 Bd7 23. Qe2 Rc8 24. Bd3 Qc7 25. Rf1 Nd6 26. Rc2 Rab8 27. Rfc1 Qd8 28.
Qd2 g6 29. g4 f6 30. Kh2 Qe8 31. Qf2 Qf7 32. Ne2 Kh8 33. Ng3 Rg8 34. Qf1 Qg7
35. Rg2 h6 36. Qe2 Qh7 37. Rf1 a5 38. Rff2 Rbf8 39. Qd2 Nf7 40. Bc2 Rd8 41. Rf1
Bc8 42. Rgf2 Kg7 43. Qe2 Nd6 44. Rg1 Rdf8 45. Qf1 Kf7 46. Qc1 Rh8 47. Rgf1 Ke8
48. Bd3 Bd8 49. Qd2 h5 50. gxh5 Qd7 51. Kg1 Qxh3 52. Rg2 gxh5 53. Rff2 Rfg8 54.
Nf5 Bxf5 55. exf5 Rg4 56. Qc1 Rhg8 57. Bf1 Nxf5 58. Bd2 Ng3 0-1

[Event "Cerrado GM"]
[Site "Hotel Don Carlos de Huarte (N"]
[Date "2009.12.07"]
[Round "8"]
[White "Mirzoev, Azer"]
[Black "Cabrera Trujillo, Jorge"]
[Result "1/2-1/2"]
[WhiteElo "2617"]
[BlackElo "2380"]
[PlyCount "94"]
[EventDate "2009.12.01"]

1. c4 Nf6 2. Nc3 g6 3. d4 Bg7 4. Nf3 O-O 5. g3 d6 6. Bg2 Nbd7 7. O-O e5 8. h3
Re8 9. e4 exd4 10. Nxd4 Nc5 11. Re1 Bd7 12. Rb1 Qc8 13. g4 h5 14. f3 Nh7 15.
Nce2 hxg4 16. hxg4 Qd8 17. Bf4 Be5 18. Qd2 Qf6 19. Rbd1 Ne6 20. Nxe6 Bxe6 21.
b3 a5 22. Qe3 a4 23. Bg3 Bxg3 24. Nxg3 axb3 25. axb3 Ra3 26. Nf1 Rea8 27. Rd3
Kg7 28. Nd2 Ra1 29. Nb1 g5 30. Rdd1 Qe5 31. Nc3 Rxd1 32. Rxd1 c6 33. Ne2 Nf8
34. Nc1 Ra1 35. Rf1 Ra3 36. Qb6 Ng6 37. Ne2 Ra2 38. Rf2 c5 39. Qxb7 Rb2 40. Qb5
Rc2 41. Qa6 Qb2 42. Bf1 Rd2 43. Qa5 Rc2 44. Qd8 Qe5 45. Qa5 Qb2 46. Qd8 Qe5 47.
Qa5 Qb2 1/2-1/2

[Event "Cerrado GM"]
[Site "Hotel Don Carlos de Huarte (N"]
[Date "2009.12.07"]
[Round "8"]
[White "Garbisu De Goni, Unai"]
[Black "Cuadras Avellana, Jorge"]
[Result "1-0"]
[WhiteElo "2458"]
[BlackElo "2340"]
[PlyCount "43"]
[EventDate "2009.12.01"]

1. e4 c6 2. c4 d5 3. exd5 cxd5 4. cxd5 Nf6 5. Nc3 Nxd5 6. d4 Nxc3 7. bxc3 Qc7
8. Bd2 g6 9. Nf3 Bg7 10. Bd3 Nc6 11. O-O O-O 12. Rb1 b6 13. Re1 Bb7 14. Qe2
Rad8 15. Bg5 Rd7 16. Bb5 Ra8 17. Qe3 a6 18. Ba4 b5 19. Bf4 Qd8 20. Bb3 Qf8 21.
Ng5 Nd8 22. Qh3 1-0

[Event "Cerrado GM"]
[Site "Hotel Don Carlos de Huarte (N"]
[Date "2009.12.07"]
[Round "8"]
[White "Rojas Keim, Luis"]
[Black "Huerga Leache, Mikel"]
[Result "1-0"]
[WhiteElo "2466"]
[BlackElo "2435"]
[PlyCount "47"]
[EventDate "2009.12.01"]

1. d4 d5 2. Bg5 f6 3. Bh4 Nc6 4. e3 Nh6 5. f3 e5 6. Nc3 Bb4 7. Qd2 exd4 8. exd4
Qe7+ 9. Nge2 Nf5 10. Bf2 Nd6 11. O-O-O Nc4 12. Qe1 Nb6 13. Nf4 Bxc3 14. Qxc3
O-O 15. Qc5 Rd8 16. Bb5 Qd6 17. Bg3 Bf5 18. Nd3 Bxd3 19. Rxd3 Ne5 20. Rc3 Nbc4
21. Rxc4 dxc4 22. Qxd6 cxd6 23. dxe5 Rac8 24. e6 1-0

[Event "Cerrado GM"]
[Site "Hotel Don Carlos de Huarte (N"]
[Date "2009.12.07"]
[Round "8"]
[White "Llorente Zaro, Alfonso"]
[Black "Savchenko, Stanislav"]
[Result "1/2-1/2"]
[WhiteElo "2441"]
[BlackElo "2536"]
[PlyCount "37"]
[EventDate "2009.12.01"]

1. c4 e5 2. g3 Nf6 3. Bg2 h6 4. e3 c6 5. Nc3 d5 6. cxd5 cxd5 7. d4 e4 8. Nge2
Nc6 9. f3 exf3 10. Bxf3 Bg4 11. Bxg4 Nxg4 12. Qb3 Bb4 13. a3 Bxc3+ 14. Nxc3 O-O
15. Qxd5 Qe7 16. Qc5 Qxc5 17. dxc5 Rfe8 18. O-O Nxe3 19. Bxe3 1/2-1/2

[Event "Open A"]
[Site "Hotel Don Carlos de Huarte (N"]
[Date "2009.12.02"]
[Round "2"]
[White "Aguinaga Ruiz, Jesus Luis"]
[Black "Sola Plaza, Gregorio"]
[Result "0-1"]
[WhiteElo "2007"]
[BlackElo "2036"]
[PlyCount "120"]
[EventDate "2009.12.01"]

1. f4 d5 2. Nf3 Bg4 3. e3 Nf6 4. Be2 e6 5. d3 Nbd7 6. O-O c6 7. Nc3 Be7 8. e4
dxe4 9. dxe4 Qb6+ 10. Kh1 Rd8 11. Qe1 O-O 12. h3 Bxf3 13. Bxf3 Nc5 14. b3 Rd7
15. Be3 Qc7 16. Qf2 b6 17. e5 Nd5 18. Nxd5 cxd5 19. Rfd1 Nb7 20. Qd2 Bc5 21.
Bxc5 Nxc5 22. Rac1 Rfd8 23. Qd4 g6 24. c3 Qc8 25. Kh2 Qa6 26. Rc2 Qc8 27. Rcd2
b5 28. Qb4 a6 29. Qd4 Rf8 30. h4 Rc7 31. Rc2 Qd8 32. g3 Qe7 33. Re1 Rfc8 34.
Rec1 Nd7 35. Qd3 Qc5 36. h5 Kg7 37. Kg2 f6 38. exf6+ Nxf6 39. hxg6 hxg6 40. Re1
Re8 41. g4 Nd7 42. Bxd5 Qd6 43. Qf3 Nb6 44. Be4 Rf8 45. Rf2 Rcf7 46. f5 exf5
47. gxf5 gxf5 48. Bc2 Rf6 49. Rd1 Qe5 50. Kf1 Rg6 51. Re1 Qc5 52. Rd1 Rf7 53.
Bxf5 Rg5 54. Qh3 Rfxf5 55. Rdd2 Qe5 56. Rde2 Rxf2+ 57. Rxf2 Rg3 58. Qh4 Rg5 59.
Re2 Qf6+ 60. Ke1 Rg1+ 0-1

[Event "Open B"]
[Site "Hotel Don Carlos de Huarte (N"]
[Date "2009.12.01"]
[Round "1"]
[White "Apesteguia Domaica, Jose Antoni"]
[Black "Anguas Fanlo, Sergio"]
[Result "0-1"]
[WhiteElo "1816"]
[BlackElo "1994"]
[PlyCount "106"]
[EventDate "2009.12.01"]

1. d4 d5 2. c4 c6 3. Nc3 Bf5 4. Nf3 e6 5. e3 Nf6 6. Be2 Nbd7 7. O-O Bd6 8. Bd2
h6 9. cxd5 exd5 10. Rc1 O-O 11. Qb3 Rb8 12. a3 Ne4 13. Nxe4 Bxe4 14. Bb4 Qb6
15. Qc3 Bxb4 16. Qxb4 Qxb4 17. axb4 f5 18. b5 f4 19. Rc3 fxe3 20. fxe3 Rbc8 21.
Rfc1 Rf6 22. Nd2 Nb6 23. Nxe4 dxe4 24. bxc6 Rfxc6 25. Rxc6 Rxc6 26. Rxc6 bxc6
27. Ba6 Nd5 28. Kf2 Kf7 29. Bb7 Nb4 30. Ke2 Ke7 31. Bc8 g6 32. h4 Nd3 33. g4
Nxb2 34. h5 gxh5 35. gxh5 Nc4 36. Bf5 Nd6 37. Bh3 a5 38. Bf1 Ke6 39. Kd2 Kd5
40. Kc3 Nf5 41. Bc4+ Kd6 42. Kd2 c5 43. dxc5+ Kxc5 44. Be6 Ne7 45. Kc3 Nd5+ 46.
Kd2 a4 47. Bf5 Nf6 48. Kc3 a3 49. Bg6 a2 50. Kb2 Kc4 51. Kxa2 Kd3 52. Kb2 Kxe3
53. Kc1 Kf2 0-1

[Event "Open B"]
[Site "Hotel Don Carlos de Huarte (N"]
[Date "2009.12.01"]
[Round "1"]
[White "Tetimov, Ivan"]
[Black "Otano Villanueva, Joseba"]
[Result "1-0"]
[WhiteElo "1962"]
[BlackElo "1812"]
[PlyCount "131"]
[EventDate "2009.12.01"]

1. d4 d5 2. Nf3 Bf5 3. g3 e6 4. Bg2 Nf6 5. O-O Be7 6. b3 c6 7. c4 Nbd7 8. Nc3
Qa5 9. Bb2 dxc4 10. bxc4 Qb4 11. Qb3 Qxb3 12. axb3 Bc2 13. Nd2 Bg6 14. d5 exd5
15. cxd5 Ne5 16. Nc4 Nxc4 17. bxc4 O-O 18. dxc6 bxc6 19. Bxc6 Rac8 20. Nd5 Bd8
21. Nxf6+ Bxf6 22. Bxf6 Rxc6 23. Bd4 Rxc4 24. Bxa7 h6 25. Rfc1 Rfc8 26. Be3 Rc2
27. Rxc2 Rxc2 28. Kf1 Bf5 29. Rc1 Ra2 30. Rd1 Be6 31. f3 Bc4 32. Bd2 Ra6 33.
Kf2 Kh7 34. Rc1 Be6 35. h4 Ra2 36. Bc3 Kg6 37. Bd4 Ra4 38. Ke3 Ra3+ 39. Rc3 Ra2
40. Rd3 Bc4 41. Rd2 Ra3+ 42. Kf4 Ra4 43. e4 f6 44. Bc5 Bb5 45. Rb2 Bc6 46. Rb6
Be8 47. Rb7 h5 48. Bf8 Bf7 49. g4 Ra5 50. Rc7 Rb5 51. Bc5 Be8 52. Bf8 Bf7 53.
Kg3 Ra5 54. gxh5+ Rxh5 55. f4 f5 56. e5 Rh8 57. Bxg7 Rg8 58. Bf6 Bd5 59. Rd7
Bc6 60. Rd6 Kf7+ 61. Bg5 Be4 62. h5 Kg7 63. Rd7+ Kf8 64. Kh4 Bc6 65. Rc7 Be8
66. Bh6+ 1-0

[Event "Open B"]
[Site "Hotel Don Carlos de Huarte (N"]
[Date "2009.12.01"]
[Round "1"]
[White "Duran Fernandez, Emilio"]
[Black "Ruiz Escobar, Rafael"]
[Result "0-1"]
[WhiteElo "1798"]
[BlackElo "1935"]
[PlyCount "58"]
[EventDate "2009.12.01"]

1. d4 d5 2. c4 Nf6 3. Nc3 e6 4. Nf3 c6 5. e3 Bd6 6. Bd3 Nbd7 7. a4 O-O 8. O-O
a5 9. b3 e5 10. cxd5 cxd5 11. Nb5 Bb8 12. Bf5 e4 13. Ne1 Re8 14. f3 g6 15. Bh3
Nb6 16. Bxc8 Nxc8 17. fxe4 dxe4 18. Bb2 Nd5 19. Qe2 Nce7 20. Nc2 Nf5 21. Rac1
Ra6 22. b4 Bxh2+ 23. Kxh2 Qh4+ 24. Kg1 Ng3 25. Kf2 Rf6+ 26. Ke1 Nxe2+ 27. Kxe2
Qg4+ 28. Ke1 Qg3+ 29. Ke2 Qxg2+ 0-1

[Event "Open B"]
[Site "Hotel Don Carlos de Huarte (N"]
[Date "2009.12.01"]
[Round "1"]
[White "Lasa Garcia, Javier"]
[Black "Rodriguez Montes, Sostenes"]
[Result "1/2-1/2"]
[WhiteElo "1927"]
[BlackElo "1784"]
[PlyCount "78"]
[EventDate "2009.12.01"]

1. d4 d5 2. Nf3 Nf6 3. Bg5 e6 4. e3 Nbd7 5. Bd3 Be7 6. Nbd2 c5 7. c3 c4 8. Bc2
h6 9. Bh4 b5 10. O-O Bb7 11. Ne5 Nxe5 12. dxe5 Nd7 13. Bg3 h5 14. h3 Bc5 15.
Nf3 h4 16. Bf4 Be7 17. Nd4 g5 18. Bh2 Qb6 19. a4 a6 20. axb5 axb5 21. Rxa8+
Bxa8 22. f4 gxf4 23. exf4 f5 24. exf6 Bxf6 25. Re1 Kd8 26. Kh1 Bxd4 27. cxd4
Nf6 28. f5 exf5 29. Bxf5 Ne4 30. Bxe4 dxe4 31. Be5 Rg8 32. Qh5 Qg6 33. Qxh4+
Ke8 34. g4 e3+ 35. Kg1 Qe4 36. Qh5+ Ke7 37. Bf6+ Kf8 38. Qh6+ Kf7 39. Qh5+ Kf8
1/2-1/2

[Event "Open B"]
[Site "Hotel Don Carlos de Huarte (N"]
[Date "2009.12.01"]
[Round "1"]
[White "Rebole Arbea, Pedro Maria"]
[Black "Perez Marchal, Javier"]
[Result "0-1"]
[WhiteElo "1749"]
[BlackElo "1905"]
[PlyCount "70"]
[EventDate "2009.12.01"]

1. e4 c5 2. c3 d5 3. exd5 Qxd5 4. d4 Nf6 5. Nf3 Nc6 6. Nbd2 cxd4 7. cxd4 Nxd4
8. Bc4 Nxf3+ 9. Qxf3 Qe5+ 10. Qe2 Qxe2+ 11. Bxe2 e6 12. Nf3 Be7 13. O-O O-O 14.
Bg5 h6 15. Bh4 g5 16. Bg3 Rd8 17. Rac1 Bd6 18. Rfd1 Nd5 19. Bxd6 Rxd6 20. Ne5
Bd7 21. Bf3 Bc6 22. Nc4 Rdd8 23. Ne5 Rac8 24. Bh5 Be8 25. Bf3 Rxc1 26. Rxc1 f6
27. Ng4 Kg7 28. Rd1 Rc8 29. Bxd5 exd5 30. Ne3 Bc6 31. h3 Rd8 32. Nf5+ Kh7 33.
Nd4 Kg6 34. Rc1 Rc8 35. Kf1 Bb5+ 0-1

[Event "Open B"]
[Site "Hotel Don Carlos de Huarte (N"]
[Date "2009.12.01"]
[Round "1"]
[White "Ortega Lopez, Adrian"]
[Black "Oyaga Valencia, Jesus Maria"]
[Result "0-1"]
[WhiteElo "1869"]
[BlackElo "1747"]
[PlyCount "106"]
[EventDate "2009.12.01"]

1. e4 e6 2. b3 d5 3. Bb2 c5 4. exd5 exd5 5. d4 Nf6 6. Nf3 Nc6 7. Be2 Qb6 8. O-O
Be6 9. Nc3 cxd4 10. Na4 Qc7 11. Nxd4 Be7 12. Nxe6 fxe6 13. f4 Bd6 14. Bh5+ Nxh5
15. Qxh5+ Qf7 16. Qg4 O-O 17. Rad1 b5 18. Nc3 a6 19. Ne2 Rae8 20. Ng3 Qg6 21.
Qxg6 hxg6 22. Ne2 Rd8 23. Nd4 Bc5 24. Kh1 Nxd4 25. Bxd4 Bxd4 26. Rxd4 Rc8 27.
Rf2 a5 28. h3 Rc6 29. Kh2 Rfc8 30. Rdd2 Rc3 31. Rfe2 Kf7 32. Kg1 a4 33. Kf2 a3
34. Kg1 Kf6 35. Kf2 R8c6 36. g3 g5 37. fxg5+ Kxg5 38. Re5+ Kf6 39. Ree2 b4 40.
Kg2 R6c5 41. Rf2+ Ke7 42. Rfe2 Kd6 43. Rf2 e5 44. Rfe2 d4 45. h4 Kd5 46. Rf2
Rc6 47. g4 g6 48. Kh2 e4 49. Rf8 Rxc2 50. Rd8+ Ke5 51. R8xd4 Rb2 52. Kg3 Rc3+
53. Kf2 e3+ 0-1

[Event "Open B"]
[Site "Hotel Don Carlos de Huarte (N"]
[Date "2009.12.01"]
[Round "1"]
[White "Ortega Lopez, Mikel"]
[Black "Sevilla Subiza, Javier"]
[Result "0-1"]
[WhiteElo "1723"]
[BlackElo "1859"]
[PlyCount "124"]
[EventDate "2009.12.01"]

1. e4 c6 2. d4 d5 3. exd5 cxd5 4. Bd3 Nf6 5. c3 Nc6 6. Bf4 e6 7. Nf3 Bd6 8.
Bxd6 Qxd6 9. Nbd2 Rb8 10. Qe2 Ne7 11. O-O Ng6 12. Ne5 O-O 13. Rfe1 Nf4 14. Qf3
Nxd3 15. Qxd3 b5 16. a3 a5 17. b4 a4 18. f3 Nd7 19. Nxd7 Bxd7 20. Qe3 f6 21. f4
Rbe8 22. Qg3 Re7 23. Re2 Be8 24. Rae1 Bg6 25. Nf1 Rfe8 26. f5 Qxg3 27. Nxg3 Bf7
28. fxe6 Rxe6 29. Rxe6 Rxe6 30. Rxe6 Bxe6 31. Kf2 Kf7 32. Kf3 g5 33. Nf1 f5 34.
h3 h5 35. g3 Kg6 36. Nh2 Kf6 37. h4 Kg6 38. Nf1 f4 39. gxf4 gxh4 40. Ne3 Kf6
41. f5 Bxf5 42. Nxd5+ Kg5 43. Nc7 Bd7 44. Kg2 Kf5 45. Kh3 Kg5+ 46. Kh2 Kg4 47.
Nd5 Kf5 48. Ne7+ Ke4 49. Ng6 h3 50. Kg3 Bf5 51. Ne7 Bg4 52. Ng6 Kd5 53. Nf4+
Kc4 54. d5 Kb3 55. Ne6 Kxa3 56. Nd4 Bd7 57. Nc6 Kb2 58. Ne5 Bc8 59. d6 a3 60.
d7 Bxd7 61. Nxd7 a2 62. Nc5 a1=Q 0-1

[Event "Open B"]
[Site "Hotel Don Carlos de Huarte (N"]
[Date "2009.12.01"]
[Round "1"]
[White "Jimenez Almeida, Luis David"]
[Black "Diaz Redondo, Isidro"]
[Result "1/2-1/2"]
[WhiteElo "1839"]
[BlackElo "1688"]
[PlyCount "71"]
[EventDate "2009.12.01"]

1. e4 c5 2. Nf3 e6 3. c3 Nc6 4. d4 cxd4 5. cxd4 Qc7 6. Bd3 Nb4 7. O-O Nxd3 8.
Qxd3 Be7 9. Nc3 a6 10. a4 b6 11. Be3 Bb7 12. Rac1 Qd8 13. Nd2 Nf6 14. f3 O-O
15. d5 exd5 16. e5 Ne8 17. Nxd5 Bxd5 18. Qxd5 Nc7 19. Qb3 Bc5 20. Bxc5 bxc5 21.
Rxc5 Ne6 22. Rcc1 Rb8 23. Qa3 Qb6+ 24. Rf2 Qxb2 25. Qxb2 Rxb2 26. Nc4 Rb4 27.
Nb2 Rfb8 28. Rcc2 Kf8 29. g3 Ke7 30. f4 h5 31. Rfd2 Nd4 32. Rc3 Rxb2 33. Rxd4
Ra2 34. Rc1 Rbb2 35. Rcd1 Rg2+ 36. Kf1 1/2-1/2

[Event "Open B"]
[Site "Hotel Don Carlos de Huarte (N"]
[Date "2009.12.01"]
[Round "1"]
[White "Sevilla Subiza, Marina"]
[Black "Vazquez Arellano, Julio"]
[Result "1-0"]
[WhiteElo "1566"]
[BlackElo "1824"]
[PlyCount "115"]
[EventDate "2009.12.01"]

1. d4 d5 2. c4 e6 3. Nc3 Nf6 4. Bg5 Be7 5. Nf3 O-O 6. e3 c6 7. cxd5 exd5 8. Bd3
Bg4 9. O-O Nbd7 10. h3 Bh5 11. Be2 h6 12. Bf4 Re8 13. Ne5 Bxe2 14. Qxe2 Nxe5
15. Bxe5 Bd6 16. Bxd6 Qxd6 17. Rfc1 Re7 18. Rc2 Rae8 19. Rac1 Nd7 20. Na4 Qg6
21. Nc5 Nf6 22. Qd3 Qg5 23. Qa3 a6 24. Qb4 Ne4 25. Nd3 Qg6 26. Ne5 Qe6 27. a4
Kh7 28. Qa3 f6 29. Nf3 f5 30. Ne5 Nf6 31. b4 Nd7 32. Nd3 Nb6 33. Ne5 Nd7 34.
Nxd7 Qxd7 35. Qd3 g6 36. b5 cxb5 37. axb5 Qd6 38. bxa6 Qb8 39. Rb1 f4 40. Rb6
Rg7 41. Rcc6 bxc6 42. Rxb8 Rxb8 43. exf4 Rf7 44. g3 Kg7 45. Kg2 Rb6 46. h4 Ra7
47. f5 gxf5 48. Qxf5 Rbxa6 49. h5 Rf7 50. Qg6+ Kf8 51. Qxh6+ Ke7 52. Qe3+ Kd7
53. h6 Ra8 54. g4 Rg8 55. g5 Rg6 56. Qh3+ Ke7 57. h7 Rxg5+ 58. Kf1 1-0

[Event "Open B"]
[Site "Hotel Don Carlos de Huarte (N"]
[Date "2009.12.02"]
[Round "2"]
[White "Anguas Fanlo, Sergio"]
[Black "Martinez Ayesa, Aitor"]
[Result "1/2-1/2"]
[WhiteElo "1994"]
[BlackElo "1840"]
[PlyCount "114"]
[EventDate "2009.12.01"]

1. d4 Nf6 2. Nf3 c5 3. c3 e6 4. Bg5 Be7 5. Nbd2 b6 6. e3 O-O 7. Bd3 Ba6 8. Bxa6
Nxa6 9. Ne5 Nc7 10. O-O Nfd5 11. Bxe7 Qxe7 12. c4 Nf6 13. Rc1 d6 14. Nef3 Rfd8
15. Qc2 Rac8 16. Qa4 Nce8 17. Rfd1 d5 18. dxc5 Rxc5 19. Nb3 Rxc4 20. Rxc4 dxc4
21. Rxd8 Qxd8 22. Qxc4 Qd1+ 23. Qf1 Qc2 24. Qc1 Qxc1+ 25. Nxc1 Nd6 26. Nd3 Kf8
27. Nde5 Nd5 28. Nd4 a6 29. Kf1 f6 30. Nd3 e5 31. Ne6+ Kf7 32. Nd8+ Ke8 33. Ne6
g6 34. f4 Ke7 35. fxe5 Kxe6 36. exd6 Nxe3+ 37. Kf2 Ng4+ 38. Kg3 Ne5 39. d7 Kxd7
40. Nb4 Kd6 41. Nxa6 Nd3 42. b4 b5 43. Kf3 Ne5+ 44. Ke4 Nd7 45. Kd4 Kc6 46. Nc5
Nxc5 47. bxc5 f5 48. h4 h6 49. Ke5 Kxc5 50. Kf6 Kb4 51. Kxg6 Ka3 52. Kxh6 Kxa2
53. Kg5 b4 54. h5 b3 55. h6 b2 56. h7 b1=Q 57. h8=Q Qc1+ 1/2-1/2

[Event "Open B"]
[Site "Hotel Don Carlos de Huarte (N"]
[Date "2009.12.02"]
[Round "2"]
[White "Oyaga Valencia, Jesus Maria"]
[Black "Tetimov, Ivan"]
[Result "0-1"]
[WhiteElo "1747"]
[BlackElo "1962"]
[PlyCount "138"]
[EventDate "2009.12.01"]

1. d4 d5 2. c4 dxc4 3. Nc3 e6 4. e3 a6 5. Bxc4 Nf6 6. Nf3 c5 7. dxc5 Qxd1+ 8.
Nxd1 Bxc5 9. O-O b5 10. Bb3 Nbd7 11. Nc3 Bb7 12. Bd2 O-O 13. Rfd1 Rfd8 14. Rac1
Rac8 15. Be1 Bb6 16. a3 Kf8 17. h3 Ke8 18. Ne2 Rxc1 19. Nxc1 Ne4 20. Ne2 Ndc5
21. Rxd8+ Bxd8 22. Bc2 Bf6 23. Nfd4 Bd5 24. f3 Nd6 25. Bb4 Ndb7 26. Nc3 Bc4 27.
Ne4 Nxe4 28. Bxe4 Bd5 29. Bxd5 exd5 30. Kf2 Bxd4 31. exd4 Kd7 32. Ke3 Ke6 33.
Kf4 f6 34. h4 g6 35. g4 h5 36. Ke3 Nd8 37. Bc5 Nc6 38. b4 a5 39. Kf4 a4 40. Ke3
Nd8 41. Kf4 Nf7 42. Kg3 Nh6 43. Kf4 hxg4 44. fxg4 f5 45. h5 fxg4 46. hxg6 Kf6
47. Bf8 Nf5 48. g7 Nh6 49. g8=Q Nxg8 50. Kxg4 Ke6 51. Kg5 Nf6 52. Bh6 Ne4+ 53.
Kg4 Nc3 54. Kf3 Kf5 55. Bd2 Ne4 56. Bc1 Nf6 57. Bd2 Nd7 58. Bc1 Nf8 59. Bd2 Ne6
60. Be3 Ng7 61. Bc1 Nh5 62. Be3 Nf6 63. Bf2 Ne4 64. Be3 Nd6 65. Bd2 Nc4 66. Bc1
Kf6 67. Kf4 Nd6 68. Be3 Ke6 69. Kf3 Nc4 0-1

[Event "Open B"]
[Site "Hotel Don Carlos de Huarte (N"]
[Date "2009.12.02"]
[Round "2"]
[White "Ruiz Escobar, Rafael"]
[Black "Beaumont Arizaleta, Mikel"]
[Result "0-1"]
[WhiteElo "1935"]
[BlackElo "1718"]
[PlyCount "84"]
[EventDate "2009.12.01"]

1. d4 Nf6 2. Nf3 e6 3. c4 d5 4. Nc3 c5 5. e3 Nc6 6. cxd5 exd5 7. dxc5 Bxc5 8.
Bd3 Bg4 9. O-O Ne5 10. Bb5+ Nc6 11. h3 Bh5 12. g4 Bg6 13. Ne5 Qd6 14. Nd3 Bb6
15. Nf4 O-O-O 16. Bd3 a6 17. Nce2 Bc7 18. Ng3 Ne7 19. Qe2 Bxd3 20. Qxd3 g5 21.
Nf5 Nxf5 22. Qxf5+ Kb8 23. Qxg5 Rhg8 24. Qf5 h6 25. f3 Rg5 26. Qc2 d4 27. Rd1
Rc5 28. Qe2 Qe5 29. Rxd4 Rxd4 30. exd4 Rxc1+ 31. Rxc1 Qxf4 32. Rd1 Nd5 33. Rd2
Qg3+ 34. Kh1 Qxh3+ 35. Kg1 Qg3+ 36. Kh1 Nf4 37. Qf2 Qh3+ 38. Kg1 Ka7 39. b4 Ng6
40. Rc2 Bb6 41. Rd2 Ne5 42. Rd3 Nxd3 0-1

[Event "Open B"]
[Site "Hotel Don Carlos de Huarte (N"]
[Date "2009.12.02"]
[Round "2"]
[White "Perez Marchal, Javier"]
[Black "Sevilla Subiza, Marina"]
[Result "1/2-1/2"]
[WhiteElo "1905"]
[BlackElo "1566"]
[PlyCount "127"]
[EventDate "2009.12.01"]

1. e4 e6 2. d4 d5 3. e5 c5 4. c3 Nc6 5. Nf3 cxd4 6. cxd4 Bb4+ 7. Bd2 Qb6 8. a3
Bxd2+ 9. Qxd2 Nge7 10. Bd3 Bd7 11. Bc2 Qxb2 12. Qc3 Qc1+ 13. Bd1 Qxc3+ 14. Nxc3
Nf5 15. Ne2 O-O 16. Rb1 Na5 17. Bc2 Ne7 18. O-O Rfc8 19. Bd3 b6 20. Ba6 Rc7 21.
Rfc1 Rxc1+ 22. Rxc1 Bc8 23. Bd3 Bb7 24. Rc7 Kf8 25. Nc3 Rc8 26. Rxc8+ Bxc8 27.
Bf1 Nec6 28. Nb5 h6 29. Nd6 Bd7 30. Bb5 Ke7 31. Kf1 f6 32. Bxc6 Nxc6 33. Ke1
fxe5 34. dxe5 Nxe5 35. Nxe5 Kxd6 36. f4 Be8 37. Kd2 Kc5 38. Kc3 g5 39. g3 gxf4
40. gxf4 d4+ 41. Kd2 Kd5 42. Ng4 Bc6 43. Nf6+ Kc4 44. Ng4 Kb3 45. Nxh6 Kxa3 46.
Ng4 Kb3 47. Ne5 Be8 48. Kd3 a5 49. Kxd4 Bb5 50. Nf3 a4 51. Nd2+ Kb2 52. Ne4 a3
53. Nc3 a2 54. Nxa2 Kxa2 55. Ke5 Bc4 56. h4 b5 57. h5 b4 58. h6 Bd3 59. Kxe6 b3
60. f5 b2 61. h7 b1=Q 62. h8=Q Bxf5+ 63. Kf7 Qb7+ 64. Kf8 1/2-1/2